00794nam a2200229Ia 4500008004100000050001500041050001500056100002800071245012600099245002800225260003100253260001000284260001000294300001500304300002000319300001100339500005600350521002700406942000700433999001900440952010500459160517s9999 xx 000 0 und d aT 166.L53  b.D332 2016 adela Cruz, Daryl Jim R. aTracer study of bachelor of science in information technology graduates of southville international school and colleges / cDaryl Jim R. dela Cruz. aLas Piñas, Philippines : bSISC, c2016. a72 pages : billustrations ; c28 cm. aIncludes bibliographical references and appendices. aInformation Technology cTH c293935d293935 001040aCLbCLcTHd2016-05-17l0oT 166.L53 .D332 2016pT0930r2017-03-23 00:00:00w2016-05-17yTH